British Culture #7 - Statistics

General Stats
  • This quiz has been taken 90 times
  • The average score is 7 of 10
Answer Stats
Question Answer % Correct
The Oval, south London, in is a sports venue for which sport? Cricket
90%
‘Desert Island Discs’ & ‘Woman’s Hour’ are on which radio station? BBC Radio {4}
85%
In British retail, the acronym M&S stands for what? Marks and Spencer
85%
Which portmanteau word combines the words Oxford and Cambridge? Oxbridge
85%
The word ‘pub’, as in a venue serving drinks, is short for which phrase? Public House
83%
What is the colour of the rear number plate on most UK cars? Yellow
80%
The Menai Suspension Bridge links which island to the rest of Wales? Anglesey
65%
The letters KC after someone’s name indicate which profession? Lawyer
65%
Which puppet bear is friends with Sweep the dog and Soo the Panda? Sooty
59%
Red Nose Day is an annual charity fundraising day for which charity? Comic Relief
49%
No matching quizzes found
Score Distribution
Percent of People with Each Score
Percentile by Number Answered
Your Score History
You have not taken this quiz